[Event "GRE-ch South U14"]
[Site "Athens"]
[Date "2020.09.02"]
[Round "8"]
[White "Dervishi, Claudio"]
[Black "Thanatis, Thomas"]
[Result "0-1"]
[WhiteElo "1172"]
[BlackElo "1164"]
[PlyCount "129"]
[EventDate "2020.08.28"]
[EventType "swiss"]
[EventRounds "9"]
[EventCountry "GRE"]
[SourceTitle "EXT 2023"]
[Source "ChessBase"]
[SourceDate "2022.10.05"]
[SourceVersion "1"]
[SourceVersionDate "2022.10.05"]
[SourceQuality "1"]

1. e4 e6 2. d4 d5 3. Nd2 c5 4. c3 Nc6 5. exd5 exd5 6. Bb5 Qb6 7. Bxc6+ bxc6 8. Ne2 Nf6 9. 0-0 Be7 10. h3 0-0 11. Nf3 Be6 12. Qc2 Rac8 13. Nf4 Bd7 14. Ne5 cxd4 15. Nxd7 Nxd7 16. Qe2 Rfe8 17. cxd4 Qxd4 18. Be3 Qf6 19. Nh5 Qg6 20. Qf3 Ne5 21. Qd1 Nc4 22. Bd4 c5 23. Bxg7 d4 24. Qg4 Qxg4 25. hxg4 Red8 26. b3 Nb6 27. Bf6 Bxf6 28. Nxf6+ Kg7 29. Ne4 d3 30. Rfd1 c4 31. Rac1 Rd4 32. Nd2 c3 33. Nf3 Rd5 34. Kf1 a5 35. Kg1 a4 36. Kf1 axb3 37. axb3 Nd7 38. g5 c2 39. Rd2 Nc5 40. Ne1 Nxb3 41. Rxd3 Rxd3 42. Nxd3 Nxc1 43. Nxc1 Rd8 44. Ke2 Rd1 45. Nb3 c1Q 46. Nxc1 Rxc1 47. g4 Kg6 48. f4 h6 49. gxh6 Kxh6 50. Ke3 Kg6 51. Ke4 Rc4+ 52. Ke3 f5 53. gxf5+ Kxf5 54. Kd3 Rxf4 55. Ke3 Ke5 56. Kd3 Re4 57. Kc3 Rd4 58. Kb3 Kd5 59. Kc3 Kc5 60. Kb3 Rc4 61. Kb2 Kb4 62. Ka2 Rc3 63. Ka1 Kb3 64. Kb1 Rc2 65. Ka1 0-1

[Event "GRE-chT U16"]
[Site "Thessaloniki"]
[Date "2019.11.29"]
[Round "3.2"]
[White "Tagkaloglou, Savvas Stefanos"]
[Black "Dervishi, Claudio"]
[Result "1-0"]
[WhiteElo "1484"]
[BlackElo "1188"]
[PlyCount "77"]
[EventDate "2019.11.28"]
[EventType "team-swiss"]
[EventRounds "6"]
[EventCountry "GRE"]
[SourceTitle "CBM 193 Extra"]
[Source "ChessBase"]
[SourceDate "2020.01.31"]
[SourceVersion "1"]
[SourceVersionDate "2020.01.31"]
[SourceQuality "1"]
[WhiteTeam "Thessaloniki Galaxias"]
[BlackTeam "Glyfadas Zenon"]
[WhiteTeamCountry "GRE"]
[BlackTeamCountry "GRE"]

1. d4 d5 2. c4 e6 3. Nc3 Nf6 4. Bg5 Bb4 5. e3 0-0 6. Nf3 Nc6 7. Ne5 h6 8. Nxc6 bxc6 9. Bh4 Ba6 10. Qa4 Bxc3+ 11. bxc3 Bxc4 12. Bxc4 dxc4 13. Bxf6 Qxf6 14. Qxc6 Qg6 15. 0-0 Qd3 16. Rac1 Qe2 17. a4 Qa2 18. Ra1 Qb3 19. Rfc1 Rfc8 20. Rab1 Qa2 21. h3 a5 22. Rb7 Qd2 23. Rbb1 Qa2 24. e4 Qe2 25. Re1 Qd3 26. Rbc1 Rab8 27. Re3 Qd2 28. Rf1 Rb2 29. Qxc4 Ra2 30. Qa6 Rb8 31. Qxa5 Rbb2 32. Rg3 Qf4 33. Qa8+ Kh7 34. Rf3 Qg5 35. Qe8 f6 36. Qxe6 Rxa4 37. Rg3 Qh5 38. Qd7 Kh8 39. Qxg7# 1-0